000 00485nam a2200181Ia 4500
008 240925s9999 xx 000 0 und d
020 _a201694093
082 _a004.67 CAS
100 _aCastro, Elizabeth
245 0 _aNetscape for Windows
250 _aNA
260 _aCalifornia:
_bPeachpit Press
_c,1996.
300 _axx,730p.
_bNA
_fOriginal
500 _aIncludes Index
600 _aComputer Science
650 _aComputer science, information & general works
942 _cBK
999 _c5321
_d5321